Statistics for NBA Teams All-Time Leading Rebounder in a Single Postseason

Click here to take the quiz!

General Stats

  • This quiz has been taken 13 times
  • The average score is 20 of 30

Answer Stats

TeamYearPointsPlayer% Correct
BOS1968434Bill Russell
100%
LAL1969444Wilt Chamberlain
100%
PHI1967437Wilt Chamberlain
100%
CHI1998248Dennis Rodman
92%
DAL2006268Dirk Nowitzki
92%
ORL2009353Dwight Howard
92%
CLE2015226LeBron James
92%
SAS2003369Tim Duncan
92%
LAC2015187DeAndre Jordan
85%
MIL2021269Giannis Antetokounmpo
85%
UTA1997228Karl Malone
85%
HOU1981305Moses Malone
85%
DEN2023269Nikola Jokic
85%
NYK1994293Patrick Ewing
85%
DET2004328Ben Wallace
77%
PHO1993326Charles Barkley
77%
IND2000263Dale Davis
77%
MIN2004263Kevin Garnett
77%
POR1977288Bill Walton
69%
ATL1960221Bob Pettit
62%
TOR2019218Kawhi Leonard
62%
WAS1971339Wes Unseld
62%
MIA2023227Bam Adebayo
54%
MEM2013150Zach Randolph
46%
GSW1967346Nate Thurmond
38%
BKN2003187Kenyon Martin
15%
NOP2008123Tyson Chandler
15%
SAC1951196Arnie Risen
8%
OKL1978289Marvin Webster
8%
CHA2001100P.J. Brown
0%

Score Distribution

Percentile by Number Answered

Percent of People with Each Score

Your Score History

You have not taken this quiz